La China roja / (Record no. 85626)
[ view plain ]
| 000 -LEADER | |
|---|---|
| campo de control de longitud fija | 00668nam a2200217 i 4500 |
| 001 - NÚMERO DE CONTROL | |
| campo de control | 85626 |
| 003 - IDENTIFICADOR DE NÚMERO DE CONTROL | |
| campo de control | ES-MaACL |
| 005 - FECHA Y HORA DE LA ÚLTIMA TRANSACCIÓN | |
| campo de control | 20250818131142.0 |
| 007 - CAMPO FIJO DE DESCRIPCIÓN FÍSICA--INFORMACIÓN GENERAL | |
| campo de control de longitud fija | t| |
| 008 - DATOS DE LONGITUD FIJA--INFORMACIÓN GENERAL | |
| campo de control de longitud fija | 041130s1971 sp f |||| | spa d |
| 100 1# - ENTRADA PRINCIPAL--NOMBRE DE PERSONA | |
| Nombre de persona | Juliá, Santos, |
| Fechas asociadas al nombre | 1940-2019 |
| 9 (RLIN) | 67236 |
| 245 13 - MENCIÓN DEL TÍTULO | |
| Título | La China roja / |
| Mención de responsabilidad, etc. | Santos Juliá. |
| 260 ## - PUBLICACIÓN, DISTRIBUCIÓN, ETC. | |
| Lugar de publicación, distribución, etc. | [Madrid] : |
| Nombre del editor, distribuidor, etc. | Círculo de Amigos de la Historia, |
| Fecha de publicación, distribución, etc. | [1971] |
| 300 ## - DESCRIPCIÓN FÍSICA | |
| Extensión | 252 p., 12 lám. ; |
| Dimensiones | 18 cm. |
| 490 1# - MENCIÓN DE SERIE | |
| Mención de serie | Problemas candentes de la historia |
| 651 #4 - PUNTO DE ACCESO ADICIONAL DE MATERIA--NOMBRE GEOGRÁFICO | |
| Nombre geográfico | China- |
| Subdivisión general | Historia- |
| Subdivisión cronológica | S.XX. |
| 9 (RLIN) | 8051 |
| 700 2# - ENTRADA AGREGADA--NOMBRE PERSONAL | |
| Nombre de persona | |
| 9 (RLIN) | 241875 |
| 830 1# - PUNTO DE ACCESO ADICIONAL DE SERIE-TÍTULO UNIFORME | |
| Título uniforme | Problemas candentes de la historia |
| 9 (RLIN) | 186693 |
| 852 ## - LOCALIZACIÓN | |
| Ubicación | ES-MaACL |
| Número de control de estantería | C-48660 |
| Estatus retirado | Estado de pérdida | Estado de daño | No para préstamo | Biblioteca de origen | Biblioteca actual | Ubicación en estantería | Fecha de adquisición | Fuente de adquisición | Total de préstamos | Signatura topográfica completa | Código de barras | Visto por última vez | Precio de reemplazo | Tipo de ítem Koha |
|---|---|---|---|---|---|---|---|---|---|---|---|---|---|---|
| Biblioteca del Ateneo de Madrid | Biblioteca del Ateneo de Madrid | Depósito 2 | 17/01/2008 | C-48660 | 1089473 | 23/02/2023 | 23/02/2023 | Libro impreso |
